[Event "San Fernando op 18th"]
[Site "San Fernando"]
[Date "2004.07.19"]
[Round "3"]
[White "Alvarez Garcia, Jose Manuel"]
[Black "Rivas Pastor, Manuel"]
[Result "0-1"]
[WhiteElo "2146"]
[BlackElo "2421"]
[PlyCount "28"]
[EventDate "2004.07.18"]
[EventType "swiss"]
[EventRounds "8"]
[EventCountry "ESP"]
[SourceTitle "CBM 101 Extra"]
[Source "ChessBase"]
[SourceDate "2004.09.01"]
[SourceVersion "2"]
[SourceVersionDate "2004.09.01"]
[SourceQuality "1"]

1. Nf3 d5 2. c4 d4 3. g3 g6 4. d3 Bg7 5. Bg2 e5 6. 0-0 Ne7 7. e3 dxe3 8. fxe3 e4 9. Ng5 Qxd3 10. Qxd3 exd3 11. Nxf7 0-0 12. Ng5 Nbc6 13. Nc3 Rxf1+ 14. Bxf1 Ne5 0-1